Microsoft outlook version 2002 inside out / (Record no. 62125)

MARC details
000 -LEADER
fixed length control field 00554nam a22001577a 4500
005 - DATE AND TIME OF LATEST TRANSACTION
control field 2012020705385.0
020 ## - INTERNATIONAL STANDARD BOOK NUMBER
International Standard Book Number 8120319311
Terms of availability 795.00
035 ## - SYSTEM CONTROL NUMBER
System control number B-62792
037 ## - SOURCE OF ACQUISITION
Stock number DPL
Source of stock number/acquisition ENG
100 ## - MAIN ENTRY--PERSONAL NAME
Personal name Boyce, Jim
245 ## - TITLE STATEMENT
Title Microsoft outlook version 2002 inside out /
Statement of responsibility, etc by Jim Boyce
260 ## - PUBLICATION, DISTRIBUTION, ETC. (IMPRINT)
Place of publication, distribution, etc New Delhi
Name of publisher, distributor, etc Prentice-Hall of India
Date of publication, distribution, etc 2001
300 ## - PHYSICAL DESCRIPTION
Extent xlix, 1203p.
Dimensions 20 cms.
942 ## - ADDED ENTRY ELEMENTS (KOHA)
Source of classification or shelving scheme Dewey Decimal Classification
Item type English Books
Classification part 005.3
Call number suffix BOY
Holdings
Withdrawn status Lost status Not for loan Collection code Home library Current library Date acquired Cost, normal purchase price Full call number Barcode Cost, replacement price Koha item type
      Non-fiction Sarojini Nagar Sarojini Nagar 07/02/2012 795.00 005.3 BOY B-62792 795.00 English Books

© Delhi Public Library
Hit Counter
free hit counter